000
00327nam a2200133Ia 4500
008
150301s2005 xx 000 0 und d
082
_a
610.7
_b
P05O
100
_a
O'SHEA, ROSE ANE
245
_a
PRINCIPLES & PRACTICE OF TRAMA NURSING
260
_b
ELSEVER
_c
2005
300
_a
735
650
_a
TRAUMA NURSING
942
_2
ddc
_c
BK
999
_c
6872
_d
6872